Sangre de hermanos

Na minha lista:
Detalhes bibliográficos
Autor principal: López-Merino, Ignacio (autor)
Formato: Livro
Idioma:espanhol
Publicado em: Lima Planeta Perú 2008
Edição:1a. ed
Colecção:Autores Españoles e Iberoamericanos
Assuntos:
Tags: Adicionar Tag
Sem tags, seja o primeiro a adicionar uma tag!

MARC

LEADER 00000nam a2200000 a 4500
001 UCH9315
003 CL-VaPUC
008 091231e20080000PE |||||||||||||||||spa|d
020 |a 9789972239434 
082 0 4 |a 863  |b LOP  |2 21 
100 |a López-Merino, Ignacio  |e autor  |9 546274 
245 1 0 |a Sangre de hermanos 
250 |a 1a. ed 
300 |a 312 p 
942 |c BK 
945 |d 20091231 00:00:00  |a cmena 
260 |a Lima  |b Planeta Perú  |c 2008 
650 7 |a NOVELAS PERUANAS  |2 CL-VaPUC  |9 546275 
650 0 |a Novelas históricas   |9 342315 
650 7 |a GUERRA CHILE-PERU  |2 CL-VaPUC  |9 546276 
650 0 |a Literatura peruana  |9 257452 
651 7 |a CHILE  |2 CL-VaPUC  |9 546277 
651 0 |a Perú  |9 256567 
583 |a last modification  |c 20091231 00:00:00  |k Rodrigo Vera 
490 0 |a Autores Españoles e Iberoamericanos 
999 |c 339304  |d 339302 
952 |0 0  |1 0  |4 0  |6 863_000000000000000_LOP_2008  |7 0  |8 C  |9 432876  |a BIBCUR  |b BIBCUR  |d 2019-11-22  |i 4582535  |o 863 LOP 2008  |p 4582535  |r 2025-04-22  |w 2019-11-22  |y BK  |k CAC 
952 |0 0  |1 0  |4 0  |6 863_000000000000000_LOP_2008  |7 0  |8 C  |9 432877  |a BIBCUR  |b BIBCUR  |d 2019-11-22  |i 4582543  |o 863 LOP 2008  |p 4582543  |r 2025-04-22  |w 2019-11-22  |y BK  |k CAC